| 000 | 00523nam a2200193Ia 4500 | ||
|---|---|---|---|
| 003 | IN-BaIIA | ||
| 008 | 211028s9999 xx 000 0 eng d | ||
| 040 | _cIIA Library | ||
| 080 |
_a551 _bGUT |
||
| 100 |
_aGutenberg, Beno _9491 |
||
| 245 | 0 |
_aPhysics of the Earth's Interior _cBeno Gutenberg |
|
| 260 |
_aNew York, Academic Press _c1959 |
||
| 300 | _ax, 240p. | ||
| 490 | _aInternational Geophysics Series | ||
| 650 | _aAstronomy and Astrophysics Thesaurus | ||
| 650 | _aEarth | ||
| 650 |
_aPhysics _973 |
||
| 942 | _cBK | ||
| 999 |
_c1905 _d1905 |
||